[Event "HUN-chT2 Toth 1314"]
[Site "Hungary"]
[Date "2013.09.22"]
[Round "2.6"]
[White "Farkas, Sandor1111"]
[Black "Botta, Tibor"]
[Result "1/2-1/2"]
[WhiteElo "1838"]
[BlackElo "1913"]
[PlyCount "24"]
[EventDate "2013.09.08"]
[EventType "team-tourn"]
[EventRounds "11"]
[EventCountry "HUN"]
[SourceTitle "EXT 2016"]
[Source "ChessBase"]
[SourceDate "2015.10.08"]
[SourceVersion "1"]
[SourceVersionDate "2015.10.08"]
[SourceQuality "1"]
[WhiteTeam "Roszke"]
[BlackTeam "Kecskemet Takisz"]
[WhiteTeamCountry "HUN"]
[BlackTeamCountry "HUN"]

1. b4 e6 2. Bb2 Nf6 3. a3 b6 4. e3 Bb7 5. Nf3 c5 6. b5 d5 7. c4 Nbd7 8. cxd5 exd5 9. Be2 Bd6 10. 0-0 0-0 11. d4 c4 12. a4 Ne4 1/2-1/2

[Event "HUN-chT2 Toth 1213"]
[Site "Hungary"]
[Date "2013.04.21"]
[Round "11.8"]
[White "Botta, Tibor"]
[Black "Hajdu, Istvan"]
[Result "0-1"]
[WhiteElo "1927"]
[BlackElo "2113"]
[PlyCount "62"]
[EventDate "2012.09.16"]
[EventType "team-tourn"]
[EventRounds "11"]
[EventCountry "HUN"]
[SourceTitle "EXT 2014"]
[Source "ChessBase"]
[SourceDate "2013.11.20"]
[SourceVersion "1"]
[SourceVersionDate "2013.11.20"]
[SourceQuality "1"]
[WhiteTeam "Takisz"]
[BlackTeam "Mako II"]
[WhiteTeamCountry "HUN"]
[BlackTeamCountry "HUN"]

1. e4 Nc6 2. d4 e5 3. d5 Nce7 4. c4 Ng6 5. Nc3 Bc5 6. Nf3 Nf6 7. Bg5 h6 8. Bxf6 Qxf6 9. a3 a5 10. Na4 Ba7 11. c5 0-0 12. b4 d6 13. h3 Bd7 14. Nc3 axb4 15. axb4 Qe7 16. Bc4 b5 17. cxb6 Bxb6 18. Ne2 f5 19. Bd3 Rxa1 20. Qxa1 Nf4 21. Nxf4 exf4 22. Nd2 fxe4 23. Nxe4 Bf5 24. Qb1 Re8 25. f3 Qe5 26. Qc1 Ra8 27. Bb1 Ra1 28. Kd1 Qxd5+ 29. Ke2 Qb5+ 30. Bd3 Rxc1 31. Bxb5 Rxh1 0-1

[Event "HUN-chT2 Toth 0708"]
[Site "Hungary"]
[Date "2008.04.27"]
[Round "10"]
[White "Mike, Peter"]
[Black "Botta, Tibor"]
[Result "1-0"]
[WhiteElo "1934"]
[BlackElo "2031"]
[PlyCount "72"]
[EventDate "2007.10.14"]
[EventType "team"]
[EventRounds "11"]
[EventCountry "HUN"]
[SourceTitle "EXT 2009"]
[Source "ChessBase"]
[SourceDate "2008.11.26"]
[SourceVersion "1"]
[SourceVersionDate "2008.11.26"]
[SourceQuality "1"]
[WhiteTeam "Maroczy II"]
[BlackTeam "Takisz"]
[WhiteTeamCountry "HUN"]
[BlackTeamCountry "HUN"]

1. e4 e6 2. Nf3 d5 3. e5 c5 4. b4 cxb4 5. a3 Nc6 6. axb4 Bxb4 7. c3 Bf8 8. d4 Bd7 9. Bd3 h6 10. h4 Na5 11. h5 Qb6 12. Ra2 Rc8 13. Nfd2 a6 14. Rb2 Qc7 15. 0-0 Nc4 16. Nxc4 dxc4 17. Be4 Bc6 18. Bc2 b5 19. f4 Ne7 20. f5 exf5 21. Bxf5 Nxf5 22. Rxf5 Be4 23. Rff2 Qc6 24. Qg4 Bd5 25. Be3 Qe6 26. Qe2 Be7 27. Rf4 Bg5 28. Rf2 Bxe3 29. Qxe3 0-0 30. Rf4 Rce8 31. Qg3 Kh8 32. Rbf2 Re7 33. Nd2 a5 34. Nf1 b4 35. Ne3 Rb7 36. Rf6 Qd7 1-0

[Event "HUN-chT2 Toth 0506"]
[Site "Hungary"]
[Date "2006.02.26"]
[Round "8"]
[White "Fodor, Istvan2222"]
[Black "Botta, Tibor"]
[Result "1-0"]
[WhiteElo "2023"]
[BlackElo "2087"]
[PlyCount "77"]
[EventDate "2005.10.16"]
[EventType "team"]
[EventRounds "11"]
[EventCountry "HUN"]
[SourceTitle "EXT 2009"]
[Source "ChessBase"]
[SourceDate "2008.11.26"]
[SourceVersion "1"]
[SourceVersionDate "2008.11.26"]
[SourceQuality "1"]
[WhiteTeam "Karcag"]
[BlackTeam "Takisz"]
[WhiteTeamCountry "HUN"]
[BlackTeamCountry "HUN"]

1. d4 d5 2. c4 e6 3. Nc3 Nf6 4. Nf3 h6 5. e3 c6 6. Bd3 b6 7. 0-0 Bd6 8. a3 0-0 9. b4 Nbd7 10. Bb2 Bb7 11. c5 Bc7 12. Ne2 Ne4 13. Qc2 f5 14. Ne5 Nxe5 15. dxe5 Qb8 16. f3 Ng5 17. h4 Nf7 18. f4 Bd8 19. h5 Be7 20. Nd4 Nd8 21. Rf3 Bc8 22. g4 bxc5 23. bxc5 Bxc5 24. gxf5 Bxd4 25. Bxd4 exf5 26. Rg3 Be6 27. Kf2 Qc8 28. Rag1 Rf7 29. Rg6 Kh7 30. Kf3 Qd7 31. Qg2 c5 32. Rxh6+ Kg8 33. Bxc5 d4 34. Qg6 Qd5+ 35. e4 Qxc5 36. exf5 Bd5+ 37. Kg3 Rb8 38. f6 Rxf6 39. Rh8+ 1-0

[Event "HUN-chT2 Toth 0506"]
[Site "Hungary"]
[Date "2005.10.30"]
[Round "2"]
[White "Botta, Tibor"]
[Black "Hegyesi, Zoltan"]
[Result "1/2-1/2"]
[WhiteElo "2087"]
[BlackElo "1968"]
[PlyCount "39"]
[EventDate "2005.10.16"]
[EventType "team"]
[EventRounds "11"]
[EventCountry "HUN"]
[SourceTitle "EXT 2009"]
[Source "ChessBase"]
[SourceDate "2008.11.26"]
[SourceVersion "1"]
[SourceVersionDate "2008.11.26"]
[SourceQuality "1"]
[WhiteTeam "Takisz"]
[BlackTeam "Bekes"]
[WhiteTeamCountry "HUN"]
[BlackTeamCountry "HUN"]

1. e4 c6 2. d4 d5 3. exd5 cxd5 4. Nf3 Nc6 5. c3 Nf6 6. Bf4 g6 7. Bd3 Bg7 8. Nbd2 0-0 9. 0-0 Bf5 10. Bxf5 gxf5 11. Ne5 e6 12. Bg5 Qc7 13. Nd3 Ne4 14. Bf4 Qe7 15. f3 Nxd2 16. Qxd2 Na5 17. Rfe1 Nc4 18. Qe2 Qh4 19. Rab1 Rfc8 20. Bg3 1/2-1/2